| 000 | 00939cam a2200277 a 4500 | ||
|---|---|---|---|
| 001 | 20523 | ||
| 003 | BD-RjUL | ||
| 005 | 20211209000557.0 | ||
| 008 | 140301s1957 enk b 000 0 enm d | ||
| 035 |
_a52-04414 _aBD-RjUL)20585 |
||
| 040 |
_aDLC _cRBN _dBD-RjUL _beng |
||
| 041 | 0 |
_aenm _beng |
|
| 082 |
_a821.20822 _bREL 1952 |
||
| 245 | 0 | 0 |
_aReligious lyrics of the XIVth century / _ced. by Carleton Brown. |
| 246 | 1 | 8 | _aReligious lyrics of the fourteenth century |
| 250 | _a2nd ed.revised by G.V. Smithers | ||
| 260 |
_aOxford : _bClarendon Press, _c1952. |
||
| 300 |
_axxii, 365 p. ; _c20 cm. |
||
| 504 | _aIncludes bibliographical references. | ||
| 650 | 0 |
_aEnglish poetry _yMiddle English, 1100-1500. _963312 |
|
| 650 | 0 |
_aReligious poetry, English (Middle) _963313 |
|
| 650 | 0 |
_aChristian poetry, English (Middle) _962516 |
|
| 700 | 1 |
_aBrown, Carleton, _d1869-1941. _9237212 |
|
| 942 |
_2ddc _cBK |
||
| 999 |
_c20523 _d20523 |
||